000 00746nam a22002057a 4500
999 _c5150
_d5150
003 OSt
005 20220404124253.0
008 220404b ||||| |||| 00| 0 eng d
020 _a0415263972
040 _cALUPE UNIVERSITY
050 _aRJ506
_b.J88 B4 1960
100 _aIvy Bennett
245 _aDelinquent and neurotic children :
_ba comparative study
260 _a[London] :
_bTavistock Publications, 2001 printing
_c1960
300 _a532 p. ; .
_g23 cm
440 _aInternational behavioural and social sciences library., Child development ;, 1.; Tavistock, 7.
650 _aJuvenile delinquency -- Case studies. Child psychiatry -- Case studies. Child psychology -- Case studies.
700 _aIvy Bennett
942 _2lcc
_cBK
_nMM